000 00340nam a22001577a 4500
003 SGT
020 _a978-81-7910-343-2
082 _a637.3
_bMOD
100 _aMODI,H.A.
245 _aFERMENTED MILK PRODUCTS
250 _a1ST
260 _aINDIA
_bAAVISHKAR PUB.
_c2020
300 _a226
650 _aMILK PRODUCTS
942 _2ddc
_cBK
999 _c28570
_d28570